00685nam a2200217Ia 450000500170000000800410001702000180005804000180007604100080009408200220010210000250012424501060014925000130025526000440026830000360031265000160034865000200036465000400038470000220042470000210044620221206151616.0210716s2013 xx 000 0 und d a9788131764350 cAIMIT LIBRARY aeng a657.42 214bHORC aHorngren, Charles T. aCost accounting : bmanagerial emphasis /cBy Charles T Horngren, Srikant M Datar and Madhav V Rajan. a14th ed. aNew Delhi :bPearson Education ,c2013. axx,1035p. ;bPBc26.5 cmc24 cm aJob costing aProcess costing aCapital budgeting and cost analysis aDatar, Srikant M. aRajan, Madhav V.